Countries Hidden in a Letter #1 - praxf4 - Statistics

General Stats
  • This quiz has been taken 15 times
    11 since last reset
  • The average score is 9 of 10
Answer Stats
Hint Answer % Correct
get there. How’s Paul? He’s a tubular gent. In a pinch, he can fix any difficult problem that Argentina
100%
at night. At that point, buy a pair, maybe only a pajama. I can’t imagine how dusty brooms Jamaica
100%
you have. He isn’t shaken yachting either. He took you on his boat to the dig site, Right? Kenya
100%
could the dinosaurs. When I die, I hope it’s with gusto. Going out like the dinosaurs, with a Togo
100%
mean that in a bad way. Dallas isn’t basic. Basic? Ha! Don’t you know that I love all of Chad
86%
Dear Kendall, paleontology is rock and roll. A strategy pterodactyl-finders use is to dig late Egypt
86%
What a man. And he’s so nice. LA n’ Dallas must have really different cultures. Erm, I didn’t Iceland
86%
From Praxedis Rae Lupin, your archeological counterpart with philosophical thoughts. Israel
86%
America? All. And – get this – I am old. Ovals are also old. I can’t escape time, and neither Moldova
86%
great flash of light. While you can, enjoy your drab hut. A nice friend once told me, live life. Bhutan
57%
No matching quizzes found
Score Distribution
Percent of People with Each Score
Percentile by Number Answered
Your Score History
You have not taken this quiz since the last reset